000
00281nam a22001217a 4500
082
_a
001
_b
MEH/I
100
_a
MEHTA,ANURAG
245
_a
INDIA AFTER INDEPENDENCE FOR CHILDREN
260
_a
NEW DELHI
_b
NITA MEHTA
300
_a
216
650
_a
GENERAL KNOWLEDGE
_z
INDIA
942
_c
BK
999
_c
2682
_d
2682